[Event "Challenge"]
[Site "http://www.queenalice.com/game.php?id=673605"]
[Date "2009.10.28"]
[Round "-"]
[White "tex"]
[Black "Capelense"]
[Result "0-1"]
[WhiteElo "1215"]
[BlackElo "2005"]

1. d4 Nf6 2. e3 d5 3. Nf3 Bg4 4. Qd2 Ne4 5. Qa5 Nc6 6. Qb5 Rb8 7. Qc5 e5 8. Qa3
Bxa3 9. bxa3 exd4 10. exd4 Bxf3 11. gxf3 Nxd4 12. Nd2 Nxd2 13. Bxd2 Nxc2+ 14.
Ke2 Nxa1 15. Bc3 Nc2 16. Rg1 Rg8 17. Bxg7 Nxa3 18. Kd1 Qh4 19. Rg4 Qxf2 20. Rg2
Qxf1+ 21. Kd2 Qxg2+ 22. Ke3 Nc4+ 23. Kf4 Rxg7 24. a3 Qg5# 0-1

[Event "Challenge"]
[Site "http://www.queenalice.com/game.php?id=674199"]
[Date "2009.10.29"]
[Round "-"]
[White "tex"]
[Black "egosofico"]
[Result "0-1"]
[WhiteElo "1168"]
[BlackElo "1805"]

1. Nf3 Nc6 2. Nh4 e5 3. e3 Qxh4 4. Qf3 Nf6 5. g3 Qe4 6. Bg2 Qxc2 7. Nc3 Bb4 8.
Nd5 Nxd5 9. Qxd5 Qc5 10. a3 Qxd5 11. Bxd5 Be7 12. Bxc6 dxc6 13. d4 exd4 14. exd4
Bf5 15. O-O O-O-O 16. b4 Bf6 17. a4 Bxd4 18. Ra3 Rhe8 19. b5 cxb5 20. axb5 Re5
21. Bg5 f6 22. Rxa7 fxg5 23. Kg2 g4 24. f4 Re2+ 25. Kh1 Be4+ 26. Rf3 Bxf3# 0-1

[Event "AUTO-INT-1497"]
[Site "http://www.queenalice.com/game.php?id=674458"]
[Date "2009.10.29"]
[Round "1"]
[White "tex"]
[Black "KAXY"]
[Result "0-1"]
[WhiteElo "1191"]
[BlackElo "1635"]

1. d3 d5 2. Nc3 d4 3. Ne4 f5 4. Ng3 Nc6 5. e4 fxe4 6. Nxe4 e5 7. Nf3 Bd6 8. g3
Bg4 9. Bg5 Be7 10. Bg2 Bxg5 11. h3 Bxf3 12. Qxf3 Nh6 13. Qh5+ Nf7 14. h4 Be7 15.
O-O-O g6 16. Qg4 Qd7 17. Bh3 Qxg4 18. Bxg4 h5 19. Be6 Nd6 20. Nc5 Nd8 21. Bd5 c6
22. Be6 a5 23. Bd7+ Kf8 24. Ne6+ Nxe6 25. Bxe6 b5 26. Bd5 cxd5 27. f4 exf4 28.
gxf4 Nf5 29. b3 Ba3+ 30. Kd2 Bb2 31. Rb1 Bc3+ 32. Kc1 Ng3 33. Rh3 Ne2+ 34. Kd1
Re8 35. b4 Nxf4 36. Rf3 Re1# 0-1

[Event "AUTO-INT-1497"]
[Site "http://www.queenalice.com/game.php?id=674459"]
[Date "2009.10.29"]
[Round "1"]
[White "KAXY"]
[Black "tex"]
[Result "1-0"]
[WhiteElo "1721"]
[BlackElo "1179"]

1. d4 Nf6 2. Nc3 Nc6 3. d5 Nd4 4. Qxd4 e5 5. dxe6 Bb4 6. exf7+ Kxf7 7. Qxb4 Re8
8. e4 Re6 9. Bc4 d5 10. Bxd5 Nxd5 11. Nxd5 Qd6 12. Qxd6 cxd6 13. Nc7 Rxe4+ 14.
Be3 b6 15. Nxa8 Bb7 16. Nc7 Re7 17. Nb5 Bxg2 18. Nxd6+ Ke6 19. Nc4 Bxh1 20.
O-O-O Rf7 21. Nh3 Bf3 22. Rd6+ Ke7 23. Bg5+ Kf8 24. Rd8# 1-0

[Event "AUTO-INT-1497"]
[Site "http://www.queenalice.com/game.php?id=674460"]
[Date "2009.10.29"]
[Round "1"]
[White "tex"]
[Black "rocrico"]
[Result "0-1"]
[WhiteElo "1179"]
[BlackElo "1743"]

1. d3 Nc6 2. Nc3 Nf6 3. e4 e5 4. Nf3 d6 5. Nh4 Be7 6. Bg5 h6 7. Bxf6 Bxf6 8. Qh5
Be6 9. O-O-O g6 10. Qf3 g5 11. Nf5 Nd4 12. Qg4 h5 13. Qh3 g4 14. Qe3 Bg5 15. f4
gxf3 16. Ng7+ Kd7 17. Qxg5 Qxg5+ 18. Rd2 Qxg7 19. gxf3 Nxf3 20. Rg2 Qh6+ 21. Kd1
Rag8 22. Rf2 Bg4 23. Be2 Qd2# 0-1

[Event "AUTO-INT-1497"]
[Site "http://www.queenalice.com/game.php?id=674461"]
[Date "2009.10.29"]
[Round "1"]
[White "rocrico"]
[Black "tex"]
[Result "1-0"]
[WhiteElo "1739"]
[BlackElo "1188"]

1. e3 e5 2. Nf3 Nc6 3. Nc3 d6 4. d3 Nf6 5. e4 Ng4 6. h3 Nf6 7. Bg5 Nh5 8. Bxd8
Nxd8 9. Ng5 Be7 10. h4 Nf4 11. g3 Nfe6 12. Qf3 Bxg5 13. hxg5 Nd4 14. Qe3 Nxc2+
15. Kd2 Nxa1 16. b3 b6 17. Be2 Nxb3+ 18. axb3 O-O 19. Nd5 Nc6 20. Nf6+ gxf6 21.
gxf6 Nd4 22. Qg5+ Kh8 23. Rxh7+ Kxh7 24. Qg7# 1-0

[Event "AUTO-INT-1497"]
[Site "http://www.queenalice.com/game.php?id=674462"]
[Date "2009.10.29"]
[Round "1"]
[White "tex"]
[Black "reivipviana"]
[Result "0-1"]
[WhiteElo "1173"]
[BlackElo "1447"]

1. d4 d5 2. Nf3 f6 3. Nc3 Nc6 4. Bf4 g5 5. Be3 Bf5 6. h3 Qd6 7. h4 g4 8. Nb5
Qb4+ 9. Qd2 Qxb5 10. Nh2 Qxb2 11. Qd1 Nb4 12. Rb1 Qa3 13. Rb3 Qa5 14. Bd2 e6 15.
c3 Nc2+ 16. Qxc2 Bxc2 17. Rxb7 Qxa2 18. e3 Qb1+ 19. Ke2 Qd1# 0-1

[Event "AUTO-INT-1497"]
[Site "http://www.queenalice.com/game.php?id=674463"]
[Date "2009.10.29"]
[Round "1"]
[White "reivipviana"]
[Black "tex"]
[Result "1-0"]
[WhiteElo "1441"]
[BlackElo "1179"]

1. e4 Nc6 2. c3 Nf6 3. d3 e6 4. Bg5 Na5 5. b4 Nc6 6. b5 Na5 7. Nf3 d5 8. e5 Qd7
9. d4 Nc4 10. Qc2 Ba3 11. Nxa3 Nxa3 12. Qa4 Qxb5 13. Bxb5+ Bd7 14. Bxd7+ Nxd7
15. Qxa3 Rb8 16. Qe7# 1-0

[Event "Challenge"]
[Site "http://www.queenalice.com/game.php?id=680968"]
[Date "2009.11.10"]
[Round "-"]
[White "tex"]
[Black "Capelense"]
[Result "0-1"]
[WhiteElo "1189"]
[BlackElo "2013"]

1. e4 e5 2. Qf3 Nf6 3. Nc3 Nc6 4. Na4 Nd4 5. Qc3 Nxe4 6. Qe3 Nxc2+ 7. Ke2 Nxe3
8. dxe3 d5 9. Nc3 Nxc3+ 10. bxc3 Bc5 11. Nh3 Bxh3 12. gxh3 d4 13. exd4 exd4 14.
Bg2 dxc3 15. Rd1 Qf6 16. Rd5 Bb6 17. Bg5 Qe6+ 18. Be3 O-O 19. Rh5 Rae8 20. Rh4
Bxe3 21. fxe3 Qxe3+ 22. Kf1 Qe2+ 23. Kg1 c2 24. Bf1 Qe3+ 25. Kg2 Rd8 26. Rc1
Qxc1 27. Bd3 Rxd3 28. Rh5 Qe3 29. Rg5 Qe2+ 30. Kg1 c1=R# 0-1

[Event "Challenge"]
[Site "http://www.queenalice.com/game.php?id=682201"]
[Date "2009.11.12"]
[Round "-"]
[White "Capelense"]
[Black "tex"]
[Result "1-0"]
[WhiteElo "2015"]
[BlackElo "1187"]

1. e4 Nf6 2. e5 Nd5 3. d4 e6 4. Nf3 Bb4+ 5. c3 Ba5 6. Bc4 Nb6 7. Bd3 O-O 8. b4
Nd5 9. bxa5 Nxc3 10. Nxc3 d6 11. exd6 b6 12. axb6 axb6 13. dxc7 Qxc7 14. Bd2 Nd7
15. O-O Ra5 16. Ne4 Rh5 17. Ng3 Rh6 18. Bxh6 gxh6 19. Rc1 Nf6 20. Rxc7 Ng4 21.
Nh4 f5 22. Qc2 Rf7 23. Rxc8+ Kg7 24. Rb1 f4 25. Bxh7 fxg3 26. Qg6# 1-0

[Event "Challenge"]
[Site "http://www.queenalice.com/game.php?id=689232"]
[Date "2009.11.26"]
[Round "-"]
[White "Capelense"]
[Black "tex"]
[Result "1-0"]
[WhiteElo "2046"]
[BlackElo "1189"]

1. e4 Nf6 2. e5 Nd5 3. d4 e6 4. Nf3 Nc6 5. Bb5 Na5 6. O-O c6 7. Bd3 Qb6 8. b3
Nf4 9. Bxf4 c5 10. c3 c4 11. bxc4 Qa6 12. c5 b6 13. Bxa6 Bxa6 14. Re1 bxc5 15.
Qa4 Nc4 16. Qxa6 Nb6 17. dxc5 Bxc5 18. Nbd2 O-O 19. Ne4 Rfc8 20. Rab1 Rc6 21.
Nxc5 Nd5 22. Qb7 Rac8 23. Ne4 Nxf4 24. Qxa7 1-0

[Event "Challenge"]
[Site "http://www.queenalice.com/game.php?id=689233"]
[Date "2009.11.26"]
[Round "-"]
[White "tex"]
[Black "Capelense"]
[Result "0-1"]
[WhiteElo "1180"]
[BlackElo "2017"]

1. Nf3 d5 2. Nh4 e5 3. g3 Nc6 4. e4 dxe4 5. Qh5 Nf6 6. Qe2 Bg4 7. Qb5 Rb8 8.
Qxe5+ Nxe5 9. d4 Qxd4 10. Nd2 e3 11. fxe3 Qxe3+ 12. Be2 Qxe2# 0-1

[Event "Challenge"]
[Site "http://www.queenalice.com/game.php?id=689315"]
[Date "2009.11.27"]
[Round "-"]
[White "bruhno"]
[Black "tex"]
[Result "1-0"]
[WhiteElo "1478"]
[BlackElo "1180"]

1. e4 Nf6 2. f3 Nh5 3. d4 e5 4. dxe5 Qh4+ 5. g3 Nxg3 6. Nc3 Nxh1+ 7. Kd2 Qf2+ 8.
Nce2 Bc5 9. Nh3 Qd4+ 10. Nxd4 Nf2 11. Nxf2 Bxd4 12. Ng4 O-O 13. c3 Bc5 14. b4
Be7 15. Qe2 f5 16. exf5 c6 17. f6 gxf6 18. Ba3 Rd8 19. exf6 Bd6 20. Nh6+ Kf8 21.
f7 Bf4+ 22. Kd1 Re8 23. Qc4 Bxh6 24. b5+ d6 25. Bxd6+ Kg7 26. fxe8=Q Nd7 27.
Qcf7# 1-0